Państwa, których tereny były pod panowaniem Węgier - Statystyki

Ogólne statystyki
  • Ten quiz został rozwiązany 98 razy
  • Średni wynik to 16 z 19
Statystyki odpowiedzi
Odpowiedź % Poprawnych
Austria
98%
Polska
98%
Słowacja
93%
Serbia
92%
Ukraina
92%
Chorwacja
91%
Czechy
91%
Rumunia
90%
Niemcy
89%
Słowenia
85%
Bośnia i Hercegowina
83%
Bułgaria
80%
Mołdawia
78%
Węgry
77%
Czarnogóra
75%
Włochy
75%
Albania
61%
Kosowo
61%
Białoruś
53%
Nie znaleziono quizów pasujących do podanych kryteriów
Rozkład punktacji
Procent ludzi z każdym wynikiem
Percentyl według liczby udzielonych odpowiedzi
Twoja historia wyników
Nie rozwiązałeś tego quizu